| 000 | 00531nam a2200157 4500 | ||
|---|---|---|---|
| 999 |
_c12576 _d12576 |
||
| 008 | 240224b ||||| |||| 00| 0 eng d | ||
| 040 | _aBMS College of Architecture | ||
| 100 | _aKeshava Murthy K T | ||
| 245 | _a Punarutthana advancing thirtharameshwara temple infrastructure | ||
| 300 | _a55P, | ||
| 500 | _a1CF19AT046 | ||
| 502 |
_8B.Arch. _NBMS College of Architecture, Visvesvaraya Technological University (VTU) _aProject report _d2024 |
||
| 700 |
_aMukesh Kotak _eGuide |
||
| 710 |
_aAnn Joseph _aGuide |
||
| 942 |
_2ddc _cTHE |
||